00793nam a2200241Ia 4500003000400000005001700004008004100021020001500062040000700077041000800084082002200092100002700114245005400141260003700195300001600232365001300248650003200261650003200293906006200325942001200387999001900399952013300418OSt20230316105654.0210423s2006 xx 000 0 und d a8180520226 cAL aeng a660.29223b AHLV aAHLUWALIA (V K)941806 aGreen chemistry: environmentally benign reactions aNew DelhibAne Books Indiac2006 axiv,210bHB b595cINR aChemical Engineering941807 aChemical Engineering941807 abenign ; chemistry: ; environmentally ; Green ; reactions 2ddccBK c153623d153623 001040708ACaSACPGbSACPGd2007-10-22eKnowledge Worldg595.00l0o660.29 AHLVpPG000090r2022-08-24 00:00:00w2021-04-26yBK